| 000 | 00828cam a22002293a 4500 | ||
|---|---|---|---|
| 001 | 13826 | ||
| 003 | PGUSA | ||
| 005 | 20140828083309.0 | ||
| 008 | 041021s2004||||xxu|||||s|||||000 1 eng d | ||
| 040 |
_aPGUSA _beng |
||
| 042 | _adc | ||
| 050 | 4 | _aPZ | |
| 100 | 1 |
_aDoubleday, Russell, _d1872-1949 |
|
| 245 | 1 | 2 |
_aA Gunner Aboard the "Yankee" : _bFrom the Diary of Number Five of the After Port Gun (Russell Doubleday): The Yarn of the Cruise and Fights of the Naval Reserves in the Spanish-American War _h[electronic resource] / _cRussell Doubleday |
| 260 |
_bProject Gutenberg, _c2004 |
||
| 506 | _aPublic domain in the USA. | ||
| 516 | _aElectronic text | ||
| 653 | _aSpanish-American War, 1898 -- Juvenile fiction | ||
| 830 | 0 |
_aProject Gutenberg _v13826 |
|
| 856 | 4 | 0 | _uhttp://www.gutenberg.org/ebooks/13826 |
| 942 | _cEB | ||
| 999 |
_c243081 _d243081 |
||